El contrato de deps̤ito (estudio de la obligacin̤ de guarda) /

Detalles Bibliográficos
Autor principal: Ozcr̀iz Marco, Florencio
Formato: Desconocido
Lenguaje:español
Publicado: Barcelona : Bosch, 1997
Colección:Biblioteca de derecho privado (Bosch)
Materias:
Acceso en línea:Acceso restringido

MARC

LEADER 00000ny a22000003n 4500
005 20110621124255.0
008 970520s1997 sp s 000 0 spa c
017 |a NA1965-1996 
020 |a 8476984197 
035 |a 1223 
040 |a UCM.DER  |d vlex 
040 |a UMA.RE  |d vlex 
080 |a 347.459(460) 
080 |a 347.759.3(460) 
090 |c 1267  |d 1267 
100 1 |a Ozcr̀iz Marco, Florencio 
245 1 3 |a El contrato de deps̤ito  |h [Recurso electrn̤ico]  |b (estudio de la obligacin̤ de guarda) /  |c Florencio Ozcr̀iz Marco 
256 |a Servicio en ln̕ea 
260 |a Barcelona :  |b Bosch,  |c 1997 
300 |a 357 p. ;  |c 24 cm 
490 1 |a Biblioteca de derecho privado ;  |v 75 
504 |a Bibliografa̕ 
506 1 |a Contenido solo disponible en los productos indicados  |d vLex Global  |d vLex Global (Academic Edition, excluding Law Schools)  |d vLex Global (U.S. Academic Edition, Law Schools)  |d vLex Global (U.S. Academic Edition, excluding Law Schools)  |d vLex Global (Academic Edition, Law Schools) 
650 0 7 |a Civil  |2 Tesauro vLex 
650 0 7 |a Contrato de deps̤ito  |2 Tesauro vLex 
650 0 7 |a Contrato de deposito  |2 Tesauro vLex 
650 0 7 |a Contratos de deposito mercantil  |2 Tesauro vLex 
740 0 |a vLex Libros (Servicios en ln̕ea) 
830 0 |a Biblioteca de derecho privado (Bosch) 
856 4 0 |u http://vlex.com/source/1223  |z Acceso restringido 
942 |c BOOK